LEADER 01016nam--2200337---450- 001 990003229770203316 005 20090428093312.0 010 $a90-01-58865-4 035 $a000322977 035 $aUSA01000322977 035 $a(ALEPH)000322977USA01 035 $a000322977 100 $a20090428d1971----km-y0itay50------ba 101 $aeng 102 $aNL 105 $a||||||||001yy 200 1 $a<> numerical performance of variational methods$fMikhlin S.G.$gTranslated from the russian by R.S. Anderssen 210 $aGroningen$cWolters-Noordhoff$d1971 215 $aXXIII, 373 p.$d23 cm 606 0 $aTeoria dell'approssimazione 676 $a511.4 700 1$aMIKHLIN,$bS.G.$0462416 702 1$aANDERSSEN,$bR.S. 801 0$aIT$bsalbc$gISBD 912 $a990003229770203316 951 $a511.4 MIK$b5605/CBS$c511.4$d00218384 959 $aBK 969 $aSCI 979 $aRSIAV6$b90$c20090428$lUSA01$h0933 996 $aNumerical performance of variational methods$91013447 997 $aUNISA LEADER 03018nam 2200625 450 001 9910460537303321 005 20200520144314.0 010 $a1-59756-750-7 035 $a(CKB)3710000000341160 035 $a(EBL)1922909 035 $a(OCoLC)903957501 035 $a(SSID)ssj0001402350 035 $a(PQKBManifestationID)12503054 035 $a(PQKBTitleCode)TC0001402350 035 $a(PQKBWorkID)11359192 035 $a(PQKB)10285052 035 $a(MiAaPQ)EBC1922909 035 $a(Au-PeEL)EBL1922909 035 $a(CaPaEBR)ebr11014300 035 $a(EXLCZ)993710000000341160 100 $a20150214h20092009 uy 0 101 0 $aeng 135 $aur|n|---||||| 181 $ctxt 182 $cc 183 $acr 200 00$aLaryngeal dissection and phonosurgical atlas /$fedited by Adam M. Klein and Michael M. Johns 210 1$aSan Diego, California ;$aOxfordshire, [England] :$cPlural Publishing,$d2009. 210 4$dİ2009 215 $a1 online resource (89 p.) 300 $aDescription based upon print version of record. 311 $a1-59756-005-7 311 $a1-59756-327-7 320 $aIncludes bibliographical references at the end of each chapters and index. 327 $a""Contents""; ""Foreword""; ""Acknowledgment""; ""Contributors""; ""Chapter 1. Introduction: Equipment and General Considerations""; ""Chapter 2. Head, Neck, and Laryngeal Holding Devices""; ""Chapter 3. Basic Anatomy and Physiology""; ""Chapter 4. Percutaneous Injection Procedures""; ""Chapter 5. Endoscopic Phonomicrosurgery""; ""Chapter 6. Type I Thyroplasty""; ""Chapter 7. Cricothyroid Subluxation""; ""Chapter 8. Arytenoid Adduction""; ""Chapter 9. Adduction Arytenopexy""; ""Closing Remarks""; ""Index"" 330 $aThis superbly illustrated atlas provides laryngologists with the base skills required to undertake all kinds of laryngeal phonosurgery procedures, prior to testing out one's skill set in the operating room or office on real patients. It guides the reader through the anatomy and physiology of the larynx (as they relate to the procedures) and various office and O.R.-based phonosurgical procedures, using easy-to-follow instructions and labeled photos. As such, otolaryngologists and otolaryngologists-in-training can confidently rely on this new resource to aid in honing their skills in a comfortab 606 $aLarynx$xDissection$vAtlases 606 $aLarynx$xSurgery$vAtlases 606 $aVoice disorders$xSurgery$vAtlases 606 $aVocal cords$xSurgery$vAtlases 608 $aElectronic books. 615 0$aLarynx$xDissection 615 0$aLarynx$xSurgery 615 0$aVoice disorders$xSurgery 615 0$aVocal cords$xSurgery 676 $a617.533 702 $aKlein$b Adam M. 702 $aJohns$b Michael M.$cIII, 801 0$bMiAaPQ 801 1$bMiAaPQ 801 2$bMiAaPQ 906 $aBOOK 912 $a9910460537303321 996 $aLaryngeal dissection and phonosurgical atlas$92165681 997 $aUNINA LEADER 04057nam 2200769Ia 450 001 9910790674403321 005 20211005214608.0 010 $a0-8232-5177-2 010 $a0-8232-5299-X 010 $a0-8232-5227-2 010 $a0-8232-5228-0 024 7 $a10.1515/9780823252282 035 $a(CKB)2550000001123602 035 $a(MiAaPQ)EBC3239829 035 $a(StDuBDS)EDZ0000173396 035 $a(OCoLC)859536488 035 $a(MdBmJHUP)muse22187 035 $a(DE-B1597)555019 035 $a(DE-B1597)9780823252282 035 $a(MiAaPQ)EBC1426698 035 $a(Au-PeEL)EBL3239829 035 $a(CaPaEBR)ebr10721950 035 $a(CaONFJC)MIL525319 035 $a(MiAaPQ)EBC4704612 035 $a(Au-PeEL)EBL4704612 035 $a(EXLCZ)992550000001123602 100 $a20130409d2013 uy 0 101 0 $aeng 135 $aurcn||||||||| 181 $2rdacontent 181 $2rdacontent 182 $2rdamedia 183 $2rdacarrier 200 10$aAlexandrian cosmopolitanism$b[electronic resource] $ean archive /$fHala Halim 205 $a1st ed. 210 $aNew York $cFordham University Press$d2013 215 $axviii, 459 p 311 $a0-8232-5176-4 311 $a1-299-94068-4 320 $aIncludes bibliographical references and index. 327 $tFrontmatter -- $tContents -- $tFigures -- $tAcknowledgments -- $tAbbreviations -- $tIntroduction -- $tChapter One. Of Greeks, Barbarians, Philhellenes, Hellenophones, and Egyptiotes -- $tChapter Two. Of Hellenized Cosmopolitanism and Colonial Subalternity -- $tChapter Three. Uncanny Hybridity into Neocolonialism -- $tChapter Four. ?Polypolis? and Levantine Camp -- $tEpilogue/Prologue -- $tNotes -- $tWorks Cited -- $tIndex 330 $aInterrogating how Alexandria became enshrined as the exemplary cosmopolitan space in the Middle East, this book mounts a radical critique of Eurocentric conceptions of cosmopolitanism. The dominant account of Alexandrian cosmopolitanism elevates things European in the city?s culture and simultaneously places things Egyptian under the sign of decline. The book goes beyond this civilization/barbarism binary to trace other modes of intercultural solidarity.Halim presents a comparative study of literary representations, addressing poetry, fiction, guidebooks, and operettas, among other genres. She reappraises three writers?C. P. Cavafy, E. M. Forster, and Lawrence Durrell?who she maintains have been cast as the canon of Alexandria. Attending to issues of genre, gender, ethnicity, and class, she refutes the view that these writers? representations are largely congruent and uncovers a variety of positions ranging from Orientalist to anticolonial. The book then turns to Bernard de Zogheb, a virtually unpublished writer, and elicits his camp parodies of elite Levantine mores in operettas, one of which centers on Cavafy. Drawing on Arabic critical and historical texts, as well as contemporary writers? and filmmakers? engagement with the canonical triumvirate, Halim orchestrates an Egyptian dialogue with theEuropean representations. 606 $aCosmopolitanism in literature 606 $aEuropean literature$y19th century$xHistory and criticism 606 $aEuropean literature$y20th century$xHistory and criticism 607 $aAlexandria (Egypt)$xIn literature 610 $aBernard de Zogheb. 610 $aC.P. Cavafy. 610 $aCosmopolitanism. 610 $aE.M. Forster. 610 $aImperialism. 610 $aLawrence Durrell. 610 $aMediterranean. 610 $aalexandria. 610 $aegypt. 615 0$aCosmopolitanism in literature. 615 0$aEuropean literature$xHistory and criticism. 615 0$aEuropean literature$xHistory and criticism. 676 $a809/.93358621 700 $aHalim$b Hala$01489518 801 0$bMiAaPQ 801 1$bMiAaPQ 801 2$bMiAaPQ 906 $aBOOK 912 $a9910790674403321 996 $aAlexandrian cosmopolitanism$93710243 997 $aUNINA